000 00779nam a2200253 a 4500
003 MX-MxUPN
005 20240206100317.0
008 230626s2020 sp a||||r|||| 000 1 spa d
020 _a9788414025574
040 _aMX-MxUPN
_bspa
_cMX-MxUPN
041 1 _aspa
_heng
050 0 0 _aPZ7.1
_bD69 2020
100 1 _aDrago, Flavia Z.
_950470
245 1 0 _aGustavo, el fantasma tímido
260 _aMadrid :
_bEdelvives,
_c2020
300 _a[18] páginas :
_bilustraciones
500 _aDonación
500 _aTraducción de: Gustavo, the shy ghost.
650 4 _aCuentos de fantasmas
_911720
650 4 _aTimidez
_vLiteratura infantil
_950471
650 4 _aAmistad
_vLiteratura infantil
_950472
902 _aMarisolLicea/260623
_bVíctor Ruiz/271023
942 _2lcc
_cLIBRO
999 _c209865
_d209865